| 000 | 02666cam a2200325 i 4500 | ||
|---|---|---|---|
| 003 | SA-RiAUC | ||
| 005 | 20241213160710.0 | ||
| 008 | 241212s2014 su f 00010 ara c | ||
| 020 | _a9786038100707 | ||
| 024 | 0 | _a00000000335020 | |
| 040 |
_aSA-MaUQU _bara _cSA-RiAUC _dSA-RiKAPL _erda |
||
| 082 | 0 | 4 |
_a252.5 _qSA-RiAUC |
| 090 |
_a252.5 _bس ي ا |
||
| 100 | 1 |
_aالسياري، خالد بن محمد بن عبد الله _eمؤلف. |
|
| 245 | 1 | 0 |
_aحلول الزحام في المناسك : _bدراسة فقهية لحلول نظرية وإدارية وفنية وسلوكية / _cد. خالد بن محمد السياري. |
| 250 | _aالطبعة الأولى. | ||
| 264 | 1 |
_aالرياض : _bدار الميمان للنشر والتوزيع، _c2014 |
|
| 300 |
_a709 صفحة ؛ _c24 × 17 سم |
||
| 336 |
_aنص _btxt _2rdacontent _3كتاب |
||
| 337 |
_aبدون وسيط _bn _2rdamedia |
||
| 338 |
_aمجلد _bnc _2rdacarrier |
||
| 500 | _aالأصل أطروحة دكتوراه، المعهد العالي للقضاء (الرياض)، قسم الفقه المقارن. | ||
| 504 | _aببليوجرافية : صفحة 665-697. | ||
| 520 | _aهذا الكتاب يقدم حلولا- بين الحين والآخر- لمشكلة الزحام أثناء قضاء المناسك تشمل الجوانب الهندسية والإدارية والبيئية والصحية والأمنية والنفسية والسلوكية ... إلا أن هذه الحلول المقدمة لمعالجة هذه المشكلة غالبا ما تفتقر إلى تأصيل شرعي ؛ لذا سعت هذه الدراسة إلى جمع وتوثيق ودراسة الحلول المقترحة مع إضافة حلول فقهية نظرية وحلول فنية وتنظيمية وسلوكية مصحوبة ببيان الموقف الشرعي منها. كما اضطلعت هذه الدراسة ببيان المقبول والمناسب من تلك الحلول وما تستند إليه من أدلة، بالإضافة إلى بيان غير المناسب منها بالدليل والتعليل ومن هنا رأينا تعميم هذا الكتاب ووضعه بين يدي المسؤولين ممن يملكون اتخاذ القرار لما فيه مصلحة الإسلام وخدمة المسلمين. | ||
| 650 | 7 |
_aالحج (فقه إسلامي) _xمناسك _2aucsh |
|
| 856 | 4 | 2 |
_3Book Cover _qJPEG _uhttps://library.ithra.com/bc/00000000335020.jpeg _z<CLICK_TO_VIEW_BOOK_COVER> |
| 856 | 4 | 2 |
_3Table of contents _qPDF _uhttps://library.ithra.com/pdf/.pdf _z<CLICK_TO_ACCESS_TOC> |
| 942 |
_2ddc _cBOOK _n0 |
||
| 949 |
_aSA-JeALM _d241212 _umohamedma123 _n1 |
||
| 999 |
_c3435 _d3435 |
||